000 02260nam a2200301 i 4500
003 DO-SdBNP
005 20250708121048.0
007 ta
008 250708t2025 dr o 000 0 spa d
020 _a9789945291919
040 _aDO-SdBNP
_bspa
_cBNPHU
_erda
041 _hspa
082 _axxxx
_bS237
_222
100 1 _aSantos, Rafael
_d1968-
_eautor
_4aut.
_943510
_qSantos, Rafael Jiovanny
245 1 0 _aBrian A. DePeña biografía de un líder :
_bsus orígenes, su pasión, sus sueños... /
_cRafael Santos ; breves palabras, Javier Herrera ; presentación, Antoliano Peralta Romero
264 _aSanto Domingo :
_bEditora Búho,
_c2025.
300 _a186 páginas
_bfotografías
_c24 cm.
336 _atexto
_btxt
_2rdacontent
337 _asin mediación
_bn
_2rdamedia
338 _avolumen
_bnc
_2rdacarrier
500 _aIncluye datos biografícos del autor en las páginas 187-188.
520 _aUn libro biográfico logra adecuadamente su propósito cuando responde a la realidad, y este lo consigue a plenitud por ser, indudablemente, veraz. Tengo recuerdos lejanos de la etapa infantil de la vida del biografiado y al contrastarlos con lo aquí descrito confirmo mi afirmación anterior. La familia DePeña-Sánchez emigró de Higüey hacia Miches, probablemente poco después de la muerte de Trujillo. Todos les llamábamos “los higüeyanos” hasta que supimos sus nombres. El patriarca Alejandro DePeña era un hombre de esos que con solo mirarlo inspiraba respeto; lo mismo ocurría con doña Olivia, la esposa. En definitiva, los DePeña-Sánchez, tanto los padres como los hijos, eran lo que se puede denominar gente buena. Uno de los hijos de don Alejandro y doña Olivia, conocido como “Nando”, se unió en matrimonio con la joven profesora Ramona Páez, ambos cristianos adventistas. De ese matrimonio nacieron cuatro varones. Uno de ellos Brian o Aurelio, como todos lo llamábamos. Era una familia humilde forjada en la escasez y las limitaciones que agrega nacer y crecer en un pueblo pequeño e incomunicado.
590 _aInventariado, 2025/ YL
700 1 _aHerrera, Javier
_ebreves palabras
_4br.
_988280
700 1 _aPeralta Romero, Antoliano
_epresentación
_4pr.
_988281
910 _aYLockward
942 _2ddc
_cLBS1
999 _c59458
_d59458